No money marketing : (Record no. 31083)

MARC details
000 -LEADER
fixed length control field 00877nam a22002417a 4500
005 - DATE AND TIME OF LATEST TRANSACTION
control field 20091028112230.0
008 - FIXED-LENGTH DATA ELEMENTS--GENERAL INFORMATION
fixed length control field 091028t xxu||||| |||| 00| 0 eng d
010 ## - LCCN (DPL NO)
LC control number ENG-95228
020 ## - INTERNATIONAL STANDARD BOOK NUMBER
International Standard Book Number 9780070152700
Terms of availability 395.00
020 ## - INTERNATIONAL STANDARD BOOK NUMBER
International Standard Book Number 0070152705
Terms of availability 395.00
035 ## - SYSTEM CONTROL NUMBER
System control number EN-78761
037 ## - SOURCE OF ACQUISITION
Source of stock number/acquisition DBAD/PUB
040 ## - CATALOGING SOURCE
Original cataloging agency DPL
082 ## - DEWEY DECIMAL CLASSIFICATION NUMBER
Classification number 658.8
100 ## - MAIN ENTRY--PERSONAL NAME
Personal name Paul, Jessie
245 ## - TITLE STATEMENT
Title No money marketing :
Remainder of title from upstart to big brand on a frugal budget : a practitioner's playbook /
Statement of responsibility, etc by Jessie Paul
260 ## - PUBLICATION, DISTRIBUTION, ETC. (IMPRINT)
Place of publication, distribution, etc New Delhi
Name of publisher, distributor, etc Tata McGraw Hill Education
Date of publication, distribution, etc 2009
300 ## - PHYSICAL DESCRIPTION
Extent xvi, 189p.
Dimensions 23cm.(Hb.)
500 ## - GENERAL NOTE
General note Includes index
700 ## - ADDED ENTRY--PERSONAL NAME
Personal name Norton, Rob
942 ## - ADDED ENTRY ELEMENTS (KOHA)
Source of classification or shelving scheme Dewey Decimal Classification
Item type English Books
Call number suffix PAU
Classification part 658.8
Holdings
Withdrawn status Lost status Source of classification or shelving scheme Damaged status Not for loan Collection code Home library Current library Date acquired Source of acquisition Cost, normal purchase price Total Checkouts Full call number Barcode Date last seen Copy number Cost, replacement price Koha item type
    Dewey Decimal Classification   Not For Loan Non-fiction D.B.Act.Division D.B.Act.Division 28/10/2009 DBAD / PUB 395.00   658.8 PAU EN-78761 28/10/2009 1 395.00 English Books

© Delhi Public Library
Hit Counter
free hit counter